CRC handbook of chemistry and physics : a ready-reference book of chemical and physical data. (Record no. 329569)

000 -LEADER
fixed length control field 00948nam a22002177a 4500
003 - CONTROL NUMBER IDENTIFIER
control field NUST
005 - DATE AND TIME OF LATEST TRANSACTION
control field 20170515111906.0
008 - FIXED-LENGTH DATA ELEMENTS--GENERAL INFORMATION
fixed length control field 141013b xxu||||| |||| 00| 0 eng d
020 ## - INTERNATIONAL STANDARD BOOK NUMBER
International Standard Book Number 0849304822
040 ## - CATALOGING SOURCE
Transcribing agency 0
082 ## - DEWEY DECIMAL CLASSIFICATION NUMBER
Classification number 541 LID
100 ## - MAIN ENTRY--PERSONAL NAME
9 (RLIN) 557
245 ## - TITLE STATEMENT
Title CRC handbook of chemistry and physics : a ready-reference book of chemical and physical data.
Statement of responsibility, etc. [Editor] David R. Lide, Ph.D.
250 ## - EDITION STATEMENT
Edition statement 82nd ed.
260 ## - PUBLICATION, DISTRIBUTION, ETC.
Place of publication, distribution, etc. Boca Raton. :
Name of publisher, distributor, etc. CRC Press,
Date of publication, distribution, etc. ©2001.
300 ## - PHYSICAL DESCRIPTION
Extent 1 v. (various pagings) :
Other physical details ill. ;
Dimensions 26 cm.
500 ## - GENERAL NOTE
General note Includes Index http://www.amazon.com/CRC-Handbook-Chemistry-Physics-84th/dp/0849304849/ref=sr_1_1?s=books&ie=UTF8&qid=1413181013&sr=1-1&keywords=0849304849
501 ## - WITH NOTE
With note H.B
651 ## - SUBJECT ADDED ENTRY--GEOGRAPHIC NAME
General subdivision ME
9 (RLIN) 692
942 ## - ADDED ENTRY ELEMENTS (KOHA)
Source of classification or shelving scheme
Koha item type Book
Call number prefix 541 LID
Holdings
Withdrawn status Lost status Source of classification or shelving scheme Damaged status Not for loan Collection code Permanent Location Current Location Shelving location Date acquired Total Checkouts Full call number Barcode Date last seen Price effective from Koha item type
            Institute of Environmental Science and Engineering (IESE) Institute of Environmental Science and Engineering (IESE) General Stacks 05/15/2017   541 LID IESE-632 05/15/2017 05/15/2017 Book
© 2023 Central Library, National University of Sciences and Technology. All Rights Reserved.